ბათუმის შოთა რუსთაველის სახელმწიფო უნივერსიტეტის ბიბლიოთეკა

სურამის ციხე ; სოლომონ ისაკიჩ მეჯღანუაშვილი / (ბიბ.ჩანაწერი № 40454)

000 -ლიდერი
ფიქსირებული სიგრძის საკონტროლო ველი 01596nam a2200301Ia 4500
001 - საკონტროლო ნომერი
საკონტროლო ველი 7063
003 - საკონტროლო ნომრის იდენტიფიკატორი
საკონტროლო ველი GE_BSU
005 - ბოლო ოპერაციის თარიღი და დრო
საკონტროლო ველი 20231002105825.0
008 - ფიქსირებული სიგრძის მონაცემთა ელემენტები - ზოგადი ინფორმაცია
ფიქსირებული სიგრძის საკონტროლო ველი 181216s2008||||ge |||||||||||||| ||geo||
020 ## - წიგნის საერთაშორისო სტანდარტული ნომერი
International Standard Book Number 978994024131
040 ## - კატალოგიზაციის წყარო
Transcribing agency GE_BSU
041 ## - ენის კოდი
Language code of text/sound track or separate title geo
080 ## - უნივერსალური ათობითი კლასიფიკაციის ინდექსი
Universal Decimal Classification number 82-93+821.353.1-32 ჭ-65
100 ## - მთავარი ჩანაწერი - პიროვნების სახელი
Personal name ჭონქაძე, დანიელ
9 (RLIN) 7535
245 ## - ცნობა სათაურის შესახებ
Title სურამის ციხე ; სოლომონ ისაკიჩ მეჯღანუაშვილი /
Statement of responsibility, etc დანიელ ჭონქაძე ; ლავრენტი არდაზიანი ; შეადგ., რედ. გაუკეთა და განმარტ. დაურთო თამარ ჯავახიშვილმა ; მხატვ. ლევან სილაგაძე].
264 ## - წარმოების, გამოცემის, დისტრიბუციის და სხვა ცნობები
გამოცემის, წარმოების, დისტრიბუციის... ადგილი თბილისი :
გამოცემის, წარმოების, დისტრიბუციის... სახელწოდება ანბანი,
გამოცემის, წარმოების, დისტრიბუციის... თარიღი 2008.
300 ## - ფიზიკური აღწერა
Extent 96 გვ. :
Other physical details ილ. ;
Dimensions 29 სმ.
490 ## - სერიის ცნობა
Series statement საყმაწვილო ბიბლიოთეკა
653 ## - INDEX TERM--UNCONTROLLED
Uncontrolled term მოთხრობა
653 ## - INDEX TERM--UNCONTROLLED
Uncontrolled term რომანი
653 ## - INDEX TERM--UNCONTROLLED
Uncontrolled term სოლომონ ისაკიჩ მეჯღანუაშვილი.
653 ## - INDEX TERM--UNCONTROLLED
Uncontrolled term სურამის ციხე
700 ## - ADDED ENTRY--PERSONAL NAME
Personal name არდაზიანი, ლავრენტი
Relator term ავტორი
9 (RLIN) 4309
700 ## - ADDED ENTRY--PERSONAL NAME
Personal name ჯავახიშვილი,თამარ
Relator term შემდგენელ-რედაქტორი
9 (RLIN) 19966
700 ## - ADDED ENTRY--PERSONAL NAME
Personal name სილაგაძე, ლევან
Relator term ილუსტრატორი
9 (RLIN) 19967
942 ## - ADDED ENTRY ELEMENTS (KOHA)
Koha item type წიგნი
Source of classification or shelving scheme
ეგზემპლარები
ჩამოწერის სტატუსი დაკარგული ეგზემპლარის სტატუსი კლასიფიკაციის წყარო ან თაროზე გაწყობის სქემა დაზიანების სტატუსი არ გაიცემა მუდმივი მდებარეობა (დაცვის ადგილი) ამჟამინდელი ადგილსამყოფელი თაროზე განთავსების ადგილი შეძენის თარიღი ღირებულება, შესყიდვის ნორმალური ფასი სრული შენახვის შიფრი შტრიხკოდი ბოლო ოპერაციის თარიღი ეგზემპლარის მიმდევრობითი ნომერი (კეტერი?) ფასის ძალაში შესვლის თარიღი ეგზემპლარის სახეობა საჯარო შენიშვნა
          ბათუმის შოთა რუსთაველის სახელმწიფო უნივერსიტეტის მთავარი ბიბლიოთეკა ბათუმის შოთა რუსთაველის სახელმწიფო უნივერსიტეტის მთავარი ბიბლიოთეკა წიგნსაცავი 2018-12-17 8.00 82-93+821.353.1-32 ჭ-65 22743 2018-12-17 22743 2018-12-17 წიგნი 8.00 ₾.
          ბათუმის შოთა რუსთაველის სახელმწიფო უნივერსიტეტის მთავარი ბიბლიოთეკა ბათუმის შოთა რუსთაველის სახელმწიფო უნივერსიტეტის მთავარი ბიბლიოთეკა წიგნსაცავი 2018-12-17 8.00 82-93+821.353.1-32 ჭ-65 22744 2018-12-17 22744 2018-12-17 წიგნი 8.00 ₾.
          ბათუმის შოთა რუსთაველის სახელმწიფო უნივერსიტეტის მთავარი ბიბლიოთეკა ბათუმის შოთა რუსთაველის სახელმწიფო უნივერსიტეტის მთავარი ბიბლიოთეკა წიგნსაცავი 2018-12-17 8.00 82-93+821.353.1-32 ჭ-65 22745 2018-12-17 22745 2018-12-17 წიგნი 8.00 ₾.
          ბათუმის შოთა რუსთაველის სახელმწიფო უნივერსიტეტის მთავარი ბიბლიოთეკა ბათუმის შოთა რუსთაველის სახელმწიფო უნივერსიტეტის მთავარი ბიბლიოთეკა წიგნსაცავი 2018-12-17 8.00 82-93+821.353.1-32 ჭ-65 22746 2018-12-17 22746 2018-12-17 წიგნი 8.00 ₾.
          ბათუმის შოთა რუსთაველის სახელმწიფო უნივერსიტეტის მთავარი ბიბლიოთეკა ბათუმის შოთა რუსთაველის სახელმწიფო უნივერსიტეტის მთავარი ბიბლიოთეკა წიგნსაცავი 2018-12-17 8.00 82-93+821.353.1-32 ჭ-65 22747 2018-12-17 22747 2018-12-17 წიგნი 8.00 ₾.